| 000 | 01133nam a22003377a 4500 | ||
|---|---|---|---|
| 003 | CHAP | ||
| 005 | 20220329135235.0 | ||
| 008 | 971013s1979 r 00010 d | ||
| 010 | _a33130 | ||
| 011 | _a34102 | ||
| 035 | _a38218 | ||
| 040 | _cCHAP | ||
| 090 | _aTesis | ||
| 100 | 0 | 0 |
_aElizalde del Castillo Negrete, Napoleón. _936289 |
| 245 | 1 | 0 | _aUso de preservadores en árboles de navidad (Abies religiosa (H.B.K.) Schl. et Cham.) |
| 260 |
_aChapingo, Méx. : _bEl autor, _c1979 |
||
| 300 |
_a61 h. _b: apénd. ; gráfs. |
||
| 500 | _a1 c. en bodega | ||
| 502 | _aTesis (Ing. Agr. Esp. en Bosques) -- ENA. | ||
| 590 |
_aALEPH _b10 _c20130110 _lUCH01 _h1257 |
||
| 590 |
_aBATCH-UPD _b10 _c20130110 _lUCH01 _h1457 |
||
| 590 |
_aBATCH-UPD _b10 _c20130410 _lUCH01 _h0921 |
||
| 590 |
_aBATCH-UPD _b10 _c20130914 _lUCH01 _h1726 |
||
| 590 |
_aCONVERSION _b10 _c20130109 _lUCH01 _h1319 |
||
| 650 | 1 | 4 |
_aÁrboles de navidad. _982443 |
| 650 | 1 | 4 |
_aOyamel. _984468 |
| 901 | _aBK | ||
| 942 | _cFOLL | ||
| 949 |
_aTesis _bBC _cTES _d33724000907762 _eTS2 _fc.2 _h45850 _i38218 _si |
||
| 949 |
_aTesis _bBC _cTES _d33724002033132 _eTS1 _h45849 _i38218 _si |
||
| 999 |
_c33130 _d33130 |
||